Sports Quiz

Random Sports Quiz

Top Premier League Goal Scorers by Club 2013/14 Quiz Stats

 Plays Quiz not verified by Sporcle

Challenge
Share
Tweet
Embed
Score 0/67 Timer 12:00
0 Plays Today
Hint Answer % Correct
ArsenalOlivier Giroud
91.7%
LiverpoolLuis Suarez
91.1%
Manchester UnitedWayne Rooney
90%
LiverpoolDaniel Sturridge
88.3%
Manchester CitySergio Aguero
87.2%
ChelseaEden Hazard
86.7%
LiverpoolSteven Gerrard
86.1%
EvertonRomelu Lukaku
85%
Manchester CityYaya Toure
83.9%
Manchester CityEdin Dzeko
83.9%
Manchester UnitedRobin van Persie
82.8%
Aston VillaChristian Benteke
81.7%
SouthamptonRickie Lambert
73.9%
Swansea CityWilfried Bony
72.8%
Stoke CityPeter Crouch
72.2%
ChelseaOscar
71.7%
ArsenalAaron Ramsey
71.1%
SouthamptonAdam Lallana
71.1%
Tottenham HotspurEmmanuel Adebayor
68.9%
SouthamptonJay Rodriguez
63.3%
ChelseaSamuel Eto'o
60%
Cardiff CityFraizer Campbell
59.4%
West Ham UnitedKevin Nolan
57.2%
Tottenham HotspurChristian Eriksen
56.7%
Hull CityNikica Jelavic
56.1%
Manchester UnitedDanny Welbeck
55%
Aston VillaAndreas Weimann
54.4%
Tottenham HotspurRoberto Soldado
54.4%
EvertonKevin Mirallas
53.3%
West Ham UnitedCarlton Cole
53.3%
EvertonRoss Barkley
52.8%
Hull CityShane Long
52.8%
Newcastle UnitedLoic Remy
52.8%
Cardiff CityJordon Mutch
50.6%
Hint Answer % Correct
Norwich CityBradley Johnson
50%
SunderlandAdam Johnson
50%
ArsenalLukas Podolski
48.9%
Crystal PalaceDwight Gayle
45.6%
FulhamDimitar Berbatov
45%
West Bromwich AlbionSaido Berahino
45%
Swansea CityNathan Dyer
42.8%
ChelseaAndre Schurrle
41.7%
Newcastle UnitedYohan Cabaye
41.7%
Stoke CityCharlie Adam
39.4%
Crystal PalaceJason Puncheon
38.3%
Norwich CityGary Hooper
37.8%
SunderlandConnor Wickham
35.6%
EvertonSeamus Coleman
34.4%
Norwich CityRobert Snodgrass
34.4%
Crystal PalaceMarouane Chamakh
33.9%
Stoke CityPeter Odemwingie
32.2%
Hull CityTom Huddlestone
31.1%
FulhamSteve Sidwell
27.2%
Norwich CityLeroy Fer
27.2%
SunderlandFabio Borini
26.7%
Newcastle UnitedYoan Gouffran
25.6%
Swansea CityJonjo Shelvey
23.9%
West Bromwich AlbionStephane Sessegnon
23.9%
Tottenham HotspurPaulinho
22.8%
Hull CityJake Livermore
22.8%
West Ham UnitedMohamed Diame
19.4%
Hull CityRobbie Brady
18.3%
Cardiff CitySteven Caulker
16.7%
Aston VillaLeandro Bacuna
14.4%
FulhamAshkan Dejagah
13.3%
FulhamKieran Richardson
11.1%
West Bromwich AlbionMorgan Amalfitano
10%

You're not logged in!

Compare scores with friends on all Sporcle quizzes.
OR
Log In

You Might Also Like...

Show Comments

Extras

Top Quizzes Today


Score Distribution

Your Account Isn't Verified!

In order to create a playlist on Sporcle, you need to verify the email address you used during registration. Go to your Sporcle Settings to finish the process.

Report this User

Report this user for behavior that violates our Community Guidelines.

Details: